[Event "Perth op"]
[Site "Perth"]
[Date "2023.01.05"]
[Round "5"]
[White "Chan, Benny"]
[Black "Lee, Lucas"]
[Result "1/2-1/2"]
[WhiteElo "1377"]
[BlackElo "830"]
[PlyCount "68"]
[EventDate "2023.01.02"]
[EventType "swiss"]
[EventRounds "11"]
[EventCountry "AUS"]
[SourceTitle "CBM 212 Extra"]
[Source "ChessBase"]
[SourceDate "2023.03.31"]
[SourceVersion "1"]
[SourceVersionDate "2023.03.31"]
[SourceQuality "1"]

1. e4 e5 2. Nf3 Nc6 3. Bc4 Nf6 4. d4 exd4 5. e5 Ng4 6. Bxf7+ Kxf7 7. Ng5+ Ke8 8. Qxg4 d6 9. e6 Qe7 10. f4 Qf6 11. Nd2 h6 12. Nde4 Qg6 13. f5 Bxe6 14. fxe6 d5 15. Ng3 Bb4+ 16. c3 dxc3 17. 0-0 hxg5 18. Bxg5 Bc5+ 19. Kh1 Be7 20. Qf4 Qxg5 21. Qxc7 Rd8 22. Qxb7 Rxh2+ 23. Kxh2 Qh4+ 24. Kg1 Bc5+ 25. Rf2 Bxf2+ 26. Kf1 Qc4+ 27. Kxf2 Qc5+ 28. Kf1 Ne7 29. Nf5 g6 30. Nxe7 Qxe7 31. Qc6+ Kf8 32. bxc3 Rd6 33. Qc8+ Qd8 34. Qxd8+ Rxd8 1/2-1/2

[Event "Perth op"]
[Site "Perth"]
[Date "2023.01.03"]
[Round "3"]
[White "Lee, Lucas"]
[Black "Bultman, Grant"]
[Result "1-0"]
[WhiteElo "830"]
[BlackElo "1329"]
[PlyCount "75"]
[EventDate "2023.01.02"]
[EventType "swiss"]
[EventRounds "11"]
[EventCountry "AUS"]
[SourceTitle "CBM 212 Extra"]
[Source "ChessBase"]
[SourceDate "2023.03.31"]
[SourceVersion "1"]
[SourceVersionDate "2023.03.31"]
[SourceQuality "1"]

1. e4 e5 2. Nf3 Nc6 3. Bb5 a6 4. Ba4 Nf6 5. 0-0 Bc5 6. d3 h6 7. Bxc6 bxc6 8. Nxe5 Qe7 9. Nf3 d5 10. e5 Nh7 11. d4 Ba7 12. c3 Bg4 13. Qa4 Qe6 14. Qxa6 Bxf3 15. gxf3 0-0 16. Qd3 Qh3 17. Kh1 Ng5 18. Bxg5 hxg5 19. Rg1 Qh5 20. Qe3 f6 21. f4 gxf4 22. Qxf4 fxe5 23. Qg4 Qxg4 24. Rxg4 exd4 25. cxd4 Rxf2 26. Nc3 Rxb2 27. Rag1 Bxd4 28. Rxd4 Rf8 29. Rdg4 Rf7 30. Na4 Rxa2 31. Nc5 Re2 32. Rg6 Kh7 33. R6g2 Re3 34. Rg6 Re2 35. Ne6 Rf6 36. Rxg7+ Kh6 37. Rg8 Kh5 38. Nf4+ 1-0